MARC details
| 000 -LEADER |
| fixed length control field |
01096nam a22002417a 4500 |
| 003 - CONTROL NUMBER IDENTIFIER |
| control field |
OSt |
| 005 - DATE AND TIME OF LATEST TRANSACTION |
| control field |
20251112172453.0 |
| 008 - FIXED-LENGTH DATA ELEMENTS--GENERAL INFORMATION |
| fixed length control field |
251112b |||||||| |||| 00| 0 eng d |
| 040 ## - CATALOGING SOURCE |
| Transcribing agency |
0 |
| 082 ## - DEWEY DECIMAL CLASSIFICATION NUMBER |
| Classification number |
DPer 361.05 J826 March 2018 v. 65 n. 2 |
| 100 ## - MAIN ENTRY--PERSONAL NAME |
| Personal name |
Kivlighan, Dennis Martin III |
| Relator term |
author. |
| 9 (RLIN) |
69349 |
| 245 ## - TITLE STATEMENT |
| Title |
Are belongingness and hope essential feature of academic enhancement groups? |
| Remainder of title |
A psychosociocultural perspective. |
| Statement of responsibility, etc. |
Dennis Martin Kivlighan III, Maleeha Abbas, Alberta M. Gloria, Arellys Aguinaga, Christina Frank, and Nick D. Frost. |
| 260 ## - PUBLICATION, DISTRIBUTION, ETC. (IMPRINT) |
| Place of publication, distribution, etc. |
U.S.A |
| Name of publisher, distributor, etc. |
American Psychological Association |
| Date of publication, distribution, etc. |
March 2018. |
| 300 ## - PHYSICAL DESCRIPTION |
| Extent |
Volume 65, pages 204-213 : |
| Other physical details |
illustration ; |
| Dimensions |
28 cm. |
| 500 ## - GENERAL NOTE |
| General note |
Journal of Counseling Psychology, vol. 65, no. 2, pages 204-213, March 2018 |
| 700 ## - ADDED ENTRY--PERSONAL NAME |
| Personal name |
Kivlighan, Dennis Martin III |
| Relator term |
author. |
| 9 (RLIN) |
69349 |
| 700 ## - ADDED ENTRY--PERSONAL NAME |
| Personal name |
Abbas, Maleeha |
| Relator term |
author. |
| 9 (RLIN) |
69350 |
| 700 ## - ADDED ENTRY--PERSONAL NAME |
| Personal name |
Gloria, Alberta M. |
| Relator term |
author. |
| 9 (RLIN) |
69351 |
| 700 ## - ADDED ENTRY--PERSONAL NAME |
| Personal name |
Aguinaga, Arellys |
| Relator term |
author. |
| 9 (RLIN) |
69352 |
| 700 ## - ADDED ENTRY--PERSONAL NAME |
| Personal name |
Frank, Christina |
| Relator term |
author. |
| 9 (RLIN) |
69353 |
| 700 ## - ADDED ENTRY--PERSONAL NAME |
| Personal name |
Frost, Nick D. |
| Relator term |
author. |
| 9 (RLIN) |
69354 |
| 942 ## - ADDED ENTRY ELEMENTS (KOHA) |
| Source of classification or shelving scheme |
Dewey Decimal Classification |
| Koha item type |
Periodicals |